000
00249nam a22001217a 4500
003
SGT
082
_a
370.NAMITA
100
_a
NAMITA
245
_a
DISABILITY SEDGS AND GENDER
260
_a
NEW DELHI
_b
RENOVA
_c
2024
300
_a
259
942
_2
ddc
_c
BK
999
_c
27206
_d
27206